[Event "Malopolska Region-chB"]
[Site "Krakow"]
[Date "2019.06.21"]
[Round "3"]
[White "Ptaszek, Piotr"]
[Black "Zajac, Karol1"]
[Result "1-0"]
[WhiteElo "1874"]
[BlackElo "1706"]
[PlyCount "121"]
[EventDate "2019.06.20"]
[EventType "swiss"]
[EventRounds "7"]
[EventCountry "POL"]
[SourceTitle "EXT 2020"]
[Source "ChessBase"]
[SourceDate "2019.10.17"]
[SourceVersion "1"]
[SourceVersionDate "2019.10.17"]
[SourceQuality "1"]

1. c4 c6 2. Nf3 d5 3. g3 Nf6 4. Bg2 e6 5. 0-0 Bd6 6. d4 Nbd7 7. Nc3 0-0 8. Qd3 Re8 9. e4 dxe4 10. Nxe4 Nxe4 11. Qxe4 e5 12. dxe5 Nxe5 13. Ng5 Ng6 14. Qc2 Qc7 15. Be4 Be6 16. f4 Bg4 17. h3 Qb6+ 18. Kg2 f5 19. hxg4 fxe4 20. Nxe4 c5 21. Bd2 Rad8 22. Bc3 Qc6 23. Rae1 Rd7 24. Kh2 Rde7 25. Nxd6 Rxe1 26. Rxe1 Rxe1 27. Bxe1 Qxd6 28. Bc3 Ne7 29. Qe4 Qd7 30. Qe5 Nc6 31. Qxc5 Qxg4 32. Qd5+ Kh8 33. Qe4 h5 34. b4 h4 35. gxh4 Qxh4+ 36. Kg2 Qg4+ 37. Kf2 Qh3 38. Qf3 Qh2+ 39. Ke3 Qxa2 40. Qh5+ Kg8 41. Qe8+ Kh7 42. Qh5+ Kg8 43. Qg6 Kf8 44. Bxg7+ Ke7 45. Bf6+ Kd7 46. Qf7+ Kc8 47. Qe6+ Kc7 48. Be5+ Nxe5 49. Qxe5+ Kc6 50. Qd5+ Kc7 51. Qa5+ Qxa5 52. bxa5 Kd6 53. Kd4 b6 54. axb6 axb6 55. f5 Ke7 56. Ke5 Kf7 57. f6 Kf8 58. Ke6 Ke8 59. f7+ Kf8 60. Kf6 b5 61. c5 1-0

[Event "Krakow op-B 27th"]
[Site "Krakow"]
[Date "2017.01.03"]
[Round "8"]
[White "Ptaszek, Piotr"]
[Black "Lis, Mateusz"]
[Result "0-1"]
[WhiteElo "1817"]
[BlackElo "1982"]
[PlyCount "74"]
[EventDate "2016.12.27"]
[EventType "swiss"]
[EventRounds "9"]
[EventCountry "POL"]
[SourceTitle "CBM 176 Extra"]
[Source "ChessBase"]
[SourceDate "2017.03.02"]
[SourceVersion "1"]
[SourceVersionDate "2017.03.02"]
[SourceQuality "1"]

1. e4 c5 2. Nf3 e6 3. c3 Nf6 4. e5 Nd5 5. d4 cxd4 6. cxd4 d6 7. Nc3 Nxc3 8. bxc3 Nc6 9. Bf4 d5 10. Bd3 Be7 11. Qd2 Bd7 12. h4 Rc8 13. Rb1 Qc7 14. Qe2 Na5 15. 0-0 b6 16. Ba6 Rb8 17. g3 Bc8 18. Bb5+ Bd7 19. Ba6 h6 20. Rfc1 Ba3 21. Rc2 0-0 22. c4 Nxc4 23. Bxc4 dxc4 24. Rxc4 Qb7 25. Rc3 Be7 26. Qe3 Rfc8 27. Rd3 Bc6 28. Nd2 Bd5 29. a3 Rc2 30. Rc3 Rxc3 31. Qxc3 g5 32. hxg5 hxg5 33. Be3 Kg7 34. Kf1 Qa6+ 35. Ke1 Rc8 36. Qb2 Rh8 37. Kd1 Qd3 0-1

[Event "Krakow op-B 27th"]
[Site "Krakow"]
[Date "2017.01.02"]
[Round "7"]
[White "Walentukiewicz, Michal"]
[Black "Ptaszek, Piotr"]
[Result "0-1"]
[WhiteElo "2090"]
[BlackElo "1817"]
[PlyCount "74"]
[EventDate "2016.12.27"]
[EventType "swiss"]
[EventRounds "9"]
[EventCountry "POL"]
[SourceTitle "CBM 176 Extra"]
[Source "ChessBase"]
[SourceDate "2017.03.02"]
[SourceVersion "1"]
[SourceVersionDate "2017.03.02"]
[SourceQuality "1"]

1. e4 c5 2. Nc3 e6 3. g3 Nc6 4. Bg2 Nf6 5. Nge2 d5 6. exd5 exd5 7. 0-0 Be7 8. d4 Bg4 9. h3 Bxe2 10. Nxe2 0-0 11. c3 h6 12. Be3 c4 13. b3 b5 14. bxc4 bxc4 15. Qa4 Qd7 16. Kh2 Rab8 17. Rab1 Rfe8 18. Qc2 Bd6 19. Rxb8 Rxb8 20. Rb1 Ne7 21. Rxb8+ Bxb8 22. Qb1 Bd6 23. Bf4 Bxf4 24. Nxf4 g5 25. Qb8+ Kg7 26. Ne2 Qe6 27. Ng1 a6 28. Qa7 Nf5 29. Nf3 Ne4 30. Ne5 Nxc3 31. Bf3 Nb5 32. Qb8 Nbxd4 33. Bh5 Nd6 34. f4 gxf4 35. gxf4 Qf6 36. Kg2 N4f5 37. Nd7 Qe7 0-1

[Event "Krakow op-B 27th"]
[Site "Krakow"]
[Date "2016.12.30"]
[Round "5"]
[White "Popiol, Michal"]
[Black "Ptaszek, Piotr"]
[Result "1-0"]
[WhiteElo "2006"]
[BlackElo "1817"]
[PlyCount "73"]
[EventDate "2016.12.27"]
[EventType "swiss"]
[EventRounds "9"]
[EventCountry "POL"]
[SourceTitle "CBM 176 Extra"]
[Source "ChessBase"]
[SourceDate "2017.03.02"]
[SourceVersion "1"]
[SourceVersionDate "2017.03.02"]
[SourceQuality "1"]

1. d4 Nf6 2. c4 g6 3. Nc3 d5 4. cxd5 Nxd5 5. e4 Nxc3 6. bxc3 Bg7 7. Bc4 c5 8. Ne2 Nc6 9. Be3 0-0 10. 0-0 Qc7 11. Qc1 Rd8 12. Rd1 Bg4 13. f3 Bd7 14. Rb1 Rac8 15. Bf4 e5 16. Bg5 Re8 17. dxc5 Bf8 18. Kh1 Bxc5 19. Bd5 Be6 20. c4 Be7 21. Nc3 a6 22. Be3 Bd8 23. Qb2 Na5 24. c5 Be7 25. Na4 Rb8 26. Rbc1 Red8 27. Qc3 Nc6 28. Nb6 Bf6 29. Qc4 Na5 30. Qc3 Nc6 31. a3 Qe7 32. Qc4 h5 33. Rc2 Kg7 34. Rcd2 Bg5 35. Bxe6 fxe6 36. Rd7 Rxd7 37. Rxd7 1-0

[Event "Krakow op-B 27th"]
[Site "Krakow"]
[Date "2016.12.29"]
[Round "4"]
[White "Ptaszek, Piotr"]
[Black "Mika, Tomasz"]
[Result "1-0"]
[WhiteElo "1817"]
[BlackElo "2022"]
[PlyCount "83"]
[EventDate "2016.12.27"]
[EventType "swiss"]
[EventRounds "9"]
[EventCountry "POL"]
[SourceTitle "CBM 176 Extra"]
[Source "ChessBase"]
[SourceDate "2017.03.02"]
[SourceVersion "1"]
[SourceVersionDate "2017.03.02"]
[SourceQuality "1"]

1. e4 c5 2. Nf3 d6 3. c3 Nc6 4. d4 cxd4 5. cxd4 g6 6. Nc3 Bg7 7. h3 Nf6 8. Be2 0-0 9. 0-0 a6 10. Be3 d5 11. e5 Ne8 12. Nd2 Nxe5 13. dxe5 Bxe5 14. Nf3 Bxc3 15. bxc3 b5 16. Bh6 Ng7 17. a4 bxa4 18. Rxa4 a5 19. Qa1 f6 20. c4 Bd7 21. Ra3 dxc4 22. Bxc4+ Kh8 23. Rd1 Qc7 24. Bd5 Ra6 25. Rc3 Qb8 26. Bc4 Ra7 27. Be3 Rc7 28. Qxa5 Nf5 29. Rb3 Rb7 30. Rxb7 Qxb7 31. Qa7 Qc6 32. Qxd7 Qxc4 33. Qd3 Qa4 34. g4 Nd6 35. Bc5 Rd8 36. Qe2 h5 37. Nh4 hxg4 38. Qxg4 Qc2 39. Nxg6+ Kh7 40. Qh5+ Kg7 41. Nxe7 Nf7 42. Nf5+ 1-0

[Event "Warsaw Najdorf Memorial op-B 13th"]
[Site "Warsaw"]
[Date "2015.07.10"]
[Round "1"]
[White "Ptaszek, Piotr"]
[Black "Helaszek, Edward"]
[Result "0-1"]
[WhiteElo "1754"]
[BlackElo "2061"]
[PlyCount "92"]
[EventDate "2015.07.10"]
[EventType "swiss"]
[EventRounds "9"]
[EventCountry "POL"]
[SourceTitle "CBM 167 Extra"]
[Source "ChessBase"]
[SourceDate "2015.09.14"]
[SourceVersion "1"]
[SourceVersionDate "2015.09.14"]
[SourceQuality "1"]

1. c4 Nf6 2. g3 g6 3. Bg2 Bg7 4. Nc3 0-0 5. Nf3 d6 6. 0-0 e5 7. d3 Nc6 8. Rb1 a5 9. a3 h6 10. b4 axb4 11. axb4 Be6 12. b5 Ne7 13. e4 c6 14. Qc2 Nd7 15. Ne1 f5 16. bxc6 bxc6 17. f4 exf4 18. Bxf4 Ne5 19. Bh3 Ng4 20. Bxg4 fxg4 21. Ng2 g5 22. Be3 Rf3 23. Rxf3 gxf3 24. Ne1 g4 25. Na4 c5 26. Nb6 Rb8 27. Nd5 Nc6 28. Qa2 Rxb1 29. Qxb1 Nd4 30. Nf4 Bf7 31. Nc2 Nxc2 32. Qxc2 Qa5 33. Bd2 Bd4+ 34. Kf1 Qa1+ 35. Qc1 Qa2 36. h3 h5 37. hxg4 hxg4 38. Be3 Be5 39. Bf2 Qb3 40. Kg1 Kf8 41. d4 cxd4 42. c5 Qc3 43. Qxc3 dxc3 44. Nd3 c2 45. cxd6 Bxd6 46. Be3 Bxg3 0-1

[Event "Krakow op 9th"]
[Site "Krakow"]
[Date "2013.??.??"]
[Round "5.8"]
[White "Lewczuk, Antoni"]
[Black "Ptaszek, Piotr"]
[Result "0-1"]
[WhiteElo "1588"]
[BlackElo "1724"]
[PlyCount "112"]
[EventDate "2013.??.??"]
[EventType "swiss"]
[EventRounds "5"]
[EventCountry "POL"]
[SourceTitle "EXT 2023"]
[Source "ChessBase"]
[SourceDate "2022.10.05"]
[SourceVersion "1"]
[SourceVersionDate "2022.10.05"]
[SourceQuality "1"]

1. c4 f5 2. b3 Nf6 3. Bb2 e6 4. g3 c6 5. Bg2 d5 6. e3 Be7 7. Ne2 0-0 8. 0-0 Nbd7 9. Nf4 Nb6 10. Qc2 Qe8 11. c5 g5 12. Nh3 Nbd7 13. Nxg5 Nxc5 14. d3 Qh5 15. Nf3 Ncd7 16. Qc3 Bd6 17. Nbd2 e5 18. Nh4 e4 19. dxe4 fxe4 20. f4 Nc5 21. Rad1 Bg4 22. Ra1 Be2 23. Rfb1 Nd3 24. a3 Nxb2 25. Qxb2 Be7 26. Bf1 Bxf1 27. Nxf1 Ng4 28. Qg2 Bxh4 29. gxh4 Kf7 30. Qh3 Rg8 31. Ng3 Nf6 32. Ra2 Rg4 33. Kf1 Rxh4 34. Nxh5 Rxh3 35. Nxf6 Kxf6 36. Rg2 Rxe3 37. Rg3 Rxg3 38. hxg3 d4 39. Ke2 Rg8 40. Rg1 h5 41. Kf2 Rg4 42. Rc1 h4 43. gxh4 Rxf4+ 44. Kg3 Rf3+ 45. Kg4 d3 46. Rd1 Rf2 47. Kg3 Rf5 48. Kg4 e3 49. Rxd3 e2 50. Rd6+ Ke5 51. Rd7 Ke4 52. Rxb7 e1Q 53. Re7+ Re5 54. Rb7 Qg1+ 55. Kh3 Rf5 56. Re7+ Kf4 0-1

[Event "Krakow op 9th"]
[Site "Krakow"]
[Date "2013.??.??"]
[Round "2.9"]
[White "Ptaszek, Piotr"]
[Black "Klementys, Jerzy"]
[Result "0-1"]
[WhiteElo "1724"]
[BlackElo "1800"]
[PlyCount "64"]
[EventDate "2013.??.??"]
[EventType "swiss"]
[EventRounds "5"]
[EventCountry "POL"]
[SourceTitle "EXT 2023"]
[Source "ChessBase"]
[SourceDate "2022.10.05"]
[SourceVersion "1"]
[SourceVersionDate "2022.10.05"]
[SourceQuality "1"]

1. e4 c5 2. c3 Nf6 3. e5 Nd5 4. d4 cxd4 5. Nf3 d6 6. Qxd4 e6 7. Bg5 f6 8. exf6 Nxf6 9. Nbd2 Nc6 10. Bb5 Bd7 11. Qh4 Be7 12. 0-0 0-0 13. Bd3 h6 14. Ne4 d5 15. Nxf6+ Bxf6 16. Bxf6 Qxf6 17. Rae1 e5 18. Bb5 e4 19. Qxf6 gxf6 20. Nd4 a6 21. Bxc6 bxc6 22. Re3 f5 23. f4 c5 24. Nb3 Rac8 25. Rd1 Be6 26. Na1 d4 27. cxd4 cxd4 28. Rxd4 Rc1+ 29. Kf2 Rxa1 30. Rd6 Kf7 31. Rh3 Rh8 32. Rc3 Rxa2 0-1

[Event "Krakow op 9th"]
[Site "Krakow"]
[Date "2013.??.??"]
[Round "4.9"]
[White "Ptaszek, Piotr"]
[Black "Pniaczek, Marek"]
[Result "1/2-1/2"]
[WhiteElo "1724"]
[BlackElo "1467"]
[PlyCount "41"]
[EventDate "2013.??.??"]
[EventType "swiss"]
[EventRounds "5"]
[EventCountry "POL"]
[SourceTitle "EXT 2023"]
[Source "ChessBase"]
[SourceDate "2022.10.05"]
[SourceVersion "1"]
[SourceVersionDate "2022.10.05"]
[SourceQuality "1"]

1. e4 c5 2. Nc3 e6 3. f4 Nc6 4. Nf3 g6 5. Bb5 Nge7 6. e5 a6 7. Ne4 Ng8 8. Bxc6 dxc6 9. d4 cxd4 10. Qxd4 Qxd4 11. Nxd4 Be7 12. Be3 Nh6 13. Nb3 Nf5 14. Bb6 Bd8 15. Bxd8 Kxd8 16. 0-0-0+ Ke7 17. Rd3 b6 18. Rhd1 c5 19. c4 Ra7 20. Nf6 h5 21. g3 1/2-1/2